00776nam a22002777a 4500003000500000005001700005008004100022010001100063011001100074020001500085035001100100040000900111082001600120100003200136245006000168260002900228300002000257490002400277534004300301650001800344650003600362650002000398650003300418650002300451830002400474CHAP20220329143738.0110525s1965 mx a r 00010 spa d a101305 a102277 a9681304713 a112965 cCHAP04a985.019bV600aVon Hagen, Victor Wolfgang.13aEl imperio de los Incasc/por Victor Wolfgang Von Hagen aMéxico :bDiana,c1965 a262 p. :bilus. 0aColección Moderna pTít. original :tRealm of the Incas.14aArqueología14aCivilizaciones prehispánicas.14aIncasxCultura.14aIndios de América del Sur.14aIndios del Perú. 0aColección Moderna